000
00316 a2200145 4500
001
61918
020
_a
97865771030
040
_c
Anchieta - Pituba
240
1
0
_a
A linguagem dos animais
_l
por
245
1
0
_a
A linguagem dos animais
300
_a
127
362
0
_a
2012
650
4
_a
Ficção brasileira
942
_c
BK
999
_c
61918
_d
61918